| 000 | 00640cam a2200229ua 4500 | ||
|---|---|---|---|
| 005 | 20201118105519.0 | ||
| 008 | 180404n ii |||gr||||Z||||||asm | ||
| 020 | _a9789381784402 | ||
| 040 |
_cMAIN _aIN-DiNC |
||
| 041 | _dasm | ||
| 082 |
_a361.1 _bSAI |
||
| 100 |
_aSaikia, Jyotiprasad, _eauthor |
||
| 245 |
_aSamajik samasya aru kalyan/ _cby Jyotiprasad Saikia |
||
| 250 | _a4th ed. | ||
| 260 |
_aJorhat: _bBidya bhawan, _c2016. |
||
| 300 | _a549p. | ||
| 650 | _aSociology | ||
| 650 | _aSocial problem and welfare | ||
| 653 | _aSocial problems & social welfare in general | ||
| 653 | _aSamajik samasya aru kalyan | ||
| 942 |
_cBK _2ddc |
||
| 999 |
_c9329 _d9329 |
||